ბათუმის შოთა რუსთაველის სახელმწიფო უნივერსიტეტის ბიბლიოთეკა

Алгебра. Группы. Кольца. Поля. Векторные и евклидовы пространства. Линеиные отображения (ბიბ.ჩანაწერი № 48144)

000 -LEADER
fixed length control field 00790nam a2200205Ia 4500
001 - CONTROL NUMBER
control field 15026
003 - CONTROL NUMBER IDENTIFIER
control field GE_BSU
008 - FIXED-LENGTH DATA ELEMENTS--GENERAL INFORMATION
fixed length control field 181216s||||||||xx |||||||||||||| ||und||
040 ## - CATALOGING SOURCE
Transcribing agency GE_BSU
080 ## - UNIVERSAL DECIMAL CLASSIFICATION NUMBER
Universal Decimal Classification number 512.54(075.8)
100 ## - MAIN ENTRY--PERSONAL NAME
Personal name Варпаховский, Ф.Л; Содовников,А.С.
245 ## - TITLE STATEMENT
Title Алгебра. Группы. Кольца. Поля. Векторные и евклидовы пространства. Линеиные отображения
260 ## - PUBLICATION, DISTRIBUTION, ETC.
Place of publication, distribution, etc. Москва
260 ## - PUBLICATION, DISTRIBUTION, ETC.
Name of publisher, distributor, etc. Просвещение.
260 ## - PUBLICATION, DISTRIBUTION, ETC.
Date of publication, distribution, etc. 1978
300 ## - PHYSICAL DESCRIPTION
Extent 142стр.22см.
653 ## - INDEX TERM--UNCONTROLLED
Uncontrolled term Алгебра. Группы. Кольца. Поля. Векторные и евклидовы пространства.
653 ## - INDEX TERM--UNCONTROLLED
Uncontrolled term Линеиные отображения
942 ## - ADDED ENTRY ELEMENTS (KOHA)
Koha item type წიგნი
ეგზემპლარები
Withdrawn status Lost status Damaged status Not for loan Date acquired Barcode Date last seen Price effective from Koha item type
        2018-12-17 16956 2018-12-17 2018-12-17 წიგნი
        2018-12-17 16957 2018-12-17 2018-12-17 წიგნი
        2018-12-17 16958 2018-12-17 2018-12-17 წიგნი
        2018-12-17 16959 2018-12-17 2018-12-17 წიგნი